Statistiken für Songtitel-Sprach-Remix

Klicken Sie hier um das Quiz zu spielen!

Allgemein

  • Dieses Quiz wurde 114 mal gespielt
  • Das Durchschnittsergebnis liegt bei 8 aus 24

Antwortstatistiken

Übersetzter TitelSongJahr% Korrekt
80 Miljoen80 Millionen2016
98%
Applåder, ApplåderApplaus, Applaus2013
80%
Des Millions de LumièresMillionen Lichter2013
68%
Ukołysz Mnie, AmadeuszuRock Me Amadeus1985
60%
Goed LevenGeiles Leben2015
57%
Maison au Bord du LacHaus am See2008
49%
Perfecte GolvenPerfekte Welle2004
49%
Terra da AventuraAbenteuerland1995
44%
Descalço ao PianoBarfuß am Klavier2016
42%
Kung av TysklandKönig von Deutschland1986
36%
Être de la MusiqueMusik sein2016
33%
Aan onsAuf uns2014
32%
Hasta la vistaAu revoir2014
31%
Corazón sobre la CabezaHerz über Kopf2015
21%
Sólo Salva al Mundo por un Momento.Nur noch kurz die Welt retten2011
16%
As Mulheres dominam o mundoFrauen regier'n die Welt2007
12%
Född att levaGeboren um zu leben2010
10%
Meilleur TempsSchönste Zeit2013
9%
Płacz za MiłośćSchrei nach Liebe1993
4%
Jak Jesteś PięknaWie schön du bist2015
4%
¿Con qué Deberíamos Soñar?Wovon sollen wir träumen2011
4%
Dla CiebieFür Dich2003
3%
Vou deixar a Luz acesa para VocêIch lass für dich das Licht an2013
3%
I Regnet av AskaIm Ascheregen2013
3%

Verteilung der Resultate

Perzentil nach korrekt beantworteten Fragen

Anzahl Personen mit jedem Resultat

Ihre Resultats-Entwicklung

Sie haben dieses Quiz noch nicht gespielt